[Event "26.Off.Bayer.Senioren-EM 2014"]
[Site "Bergen"]
[Date "2014.06.22"]
[Round "2.3"]
[White "Koller, Hubert"]
[Black "Aigner, Georg"]
[Result "1-0"]
[WhiteElo "2089"]
[BlackElo "1786"]
[PlyCount "79"]
[EventDate "2014.??.??"]
[WhiteTeam "Mostarriche/Ypps"]
[BlackTeam "TSV Dietfurt/Altm. e.V."]

1. e4 e5 2. Nf3 Nc6 3. Bb5 a6 4. Ba4 Nf6 5. O-O b5 6. Bb3 Be7 7. Re1 d6 8. d4
Bg4 9. d5 Nd4 10. Qd3 Bxf3 11. gxf3 Qd7 12. c3 Nxb3 13. axb3 O-O 14. Nd2 Nh5
15. Nf1 f5 16. exf5 Qxf5 17. Qxf5 Rxf5 18. Kg2 Raf8 19. Be3 Rxf3 20. Ng3 g6 21.
Nxh5 gxh5 22. Rxa6 Bh4 23. Re2 R3f7 24. c4 bxc4 25. bxc4 Rg7+ 26. Kf1 Rg4 27.
Rc6 Bd8 28. b4 Rf3 29. b5 Rh3 30. Ra2 Kf7 31. Ra7 Kf6 32. b6 cxb6 33. Rxd6+ Kf5
34. Rxd8 Rxc4 35. Bxb6 Rxh2 36. Be3 Rb4 37. Ra2 Rb3 38. Kg1 Rh4 39. Rf8+ Ke4
40. Ra4+ 1-0

[Event "26.Off.Bayer.Senioren-EM 2014"]
[Site "Bergen"]
[Date "2014.06.22"]
[Round "2.4"]
[White "Klueber, Werner"]
[Black "Urytskyy, Arkadiy"]
[Result "0-1"]
[WhiteElo "1769"]
[BlackElo "2084"]
[PlyCount "82"]
[EventDate "2014.??.??"]
[WhiteTeam "SC Prichsenstadt"]
[BlackTeam "TSV Bindlach Aktionär-Schachabte"]

1. d4 Nf6 2. c4 e6 3. Nc3 Bb4 4. Qc2 d5 5. a3 Bxc3+ 6. Qxc3 O-O 7. e3 b6 8. Nf3
Bb7 9. b4 dxc4 10. Bxc4 Nbd7 11. Be2 c5 12. O-O Rc8 13. dxc5 bxc5 14. b5 Nd5
15. Qb3 c4 16. Bxc4 N7b6 17. Bxd5 Bxd5 18. Qd1 Bc4 19. Qxd8 Rfxd8 20. Re1 Bxb5
21. Nd4 Ba4 22. Bd2 e5 23. Nf3 Nc4 24. Bb4 a5 25. Be7 Rd7 26. Bh4 f6 27. Rec1
Bb3 28. g4 a4 29. Bg3 Rcd8 30. h4 Rd1+ 31. Kh2 Rxc1 32. Rxc1 Nxa3 33. Ne1 Nc4
34. Nc2 Rd2 35. Na1 Nxe3 36. Kh3 Nc2 37. f3 Nd4 38. Be1 Rd3 39. Rc3 Rd1 40.
Nxb3 axb3 41. Bf2 b2 0-1

[Event "26.Off.Bayer.Senioren-EM 2014"]
[Site "Bergen"]
[Date "2014.06.22"]
[Round "2.5"]
[White "Miskevicer, Boris"]
[Black "Hansch, Klaus-Michael"]
[Result "1-0"]
[WhiteElo "2079"]
[BlackElo "1766"]
[PlyCount "51"]
[EventDate "2014.??.??"]
[WhiteTeam "SG Schwabing München Nord e.V."]
[BlackTeam "SC Weisse Dame e.V."]

1. d4 Nf6 2. c4 c5 3. Nf3 cxd4 4. Nxd4 Nc6 5. Nc3 a6 6. e4 d6 7. Be2 e6 8. O-O
Be7 9. Be3 Nxd4 10. Bxd4 Bd7 11. f4 O-O 12. e5 Ne8 13. Bf3 Qc7 14. Rc1 Bc6 15.
Na4 dxe5 16. Bxe5 Bxa4 17. Qxa4 Qb6+ 18. Kh1 Bf6 19. c5 Qa7 20. Qd7 Bxe5 21.
fxe5 Qb8 22. Qxb7 Qxb7 23. Bxb7 Rb8 24. c6 Nc7 25. Rfd1 Rfd8 26. Rd7 1-0

[Event "26.Off.Bayer.Senioren-EM 2014"]
[Site "Bergen"]
[Date "2014.06.22"]
[Round "2.6"]
[White "Leuschner, Guenter"]
[Black "Daeubler, Heinrich"]
[Result "1/2-1/2"]
[WhiteElo "1755"]
[BlackElo "2044"]
[PlyCount "39"]
[EventDate "2014.??.??"]
[WhiteTeam "SK Nürnberg 1911 e.V."]
[BlackTeam "Schachclub Haselmühl"]

1. d4 d5 2. c4 c6 3. Nf3 e6 4. e3 Bd6 5. Nc3 f5 6. Bd3 Nf6 7. O-O O-O 8. b3 Ne4
9. Qc2 Nd7 10. Ne2 Rf6 11. Bb2 Rh6 12. Ne5 Qh4 13. h3 g5 14. cxd5 cxd5 15. Rac1
Ndf6 16. Nf3 Qh5 17. Ne5 Qh4 18. Nf3 Qh5 19. Ne5 Qh4 20. Nf3 1/2-1/2

[Event "26.Off.Bayer.Senioren-EM 2014"]
[Site "Bergen"]
[Date "2014.06.22"]
[Round "2.7"]
[White "Goy, Udo"]
[Black "Braeu, Ludwig"]
[Result "1-0"]
[WhiteElo "2032"]
[BlackElo "1759"]
[PlyCount "43"]
[EventDate "2014.??.??"]
[WhiteTeam "Ford Schachfreunde Köln e.V."]
[BlackTeam "SK Marktoberdorf"]

1. d4 g6 2. e4 Bg7 3. Nc3 c5 4. dxc5 Qa5 5. Nf3 Bxc3+ 6. bxc3 Qxc3+ 7. Bd2 Qxc5
8. Rb1 Nc6 9. Rb5 Qa3 10. Qa1 f6 11. Bd3 b6 12. h4 h5 13. e5 Kf7 14. Rh3 Qa4
15. Rg3 Ba6 16. Bxg6+ Kf8 17. Rb3 Bc4 18. Rc3 Qxa2 19. Qc1 Bf7 20. Be4 Bd5 21.
Ra3 Qc4 22. Bd3 1-0

[Event "26.Off.Bayer.Senioren-EM 2014"]
[Site "Bergen"]
[Date "2014.06.22"]
[Round "2.8"]
[White "Kaufmann, Helmut"]
[Black "Roeder, Gerd"]
[Result "0-1"]
[WhiteElo "1742"]
[BlackElo "2016"]
[PlyCount "90"]
[EventDate "2014.??.??"]
[WhiteTeam "SK Eutingen"]
[BlackTeam "SV Altensittenbach"]

1. g3 d5 2. Bg2 e5 3. d3 c5 4. Nc3 d4 5. Nb1 Nc6 6. e4 Bd6 7. Ne2 h5 8. h4 Bg4
9. f3 Be6 10. O-O c4 11. c3 Bc5 12. Kh2 dxc3 13. Nexc3 Qxd3 14. Qxd3 cxd3 15.
Nd2 O-O-O 16. Rd1 Nb4 17. Nf1 Nc2 18. Rb1 Ne7 19. b3 a6 20. Bb2 f6 21. Na4 Ba7
22. Bc3 Rd7 23. Ba5 Kb8 24. Bb6 Rc8 25. Rd2 Rc6 26. Bxa7+ Kxa7 27. Rbd1 Nb4 28.
Nb2 Nxa2 29. Rxd3 Rxd3 30. Rxd3 Nc1 31. Rd8 Nxb3 32. Ne3 Nd4 33. f4 Rc3 34.
Nbd1 Rd3 35. Re8 Nec6 36. Bf1 Rd2+ 37. Bg2 Bg4 38. Nxg4 hxg4 39. Ne3 Nf3+ 40.
Kh1 Re2 41. Bxf3 gxf3 42. Ng4 Rxe4 43. Kg1 Nd4 44. Re7 Re1+ 45. Kf2 Re2+ 0-1

[Event "26.Off.Bayer.Senioren-EM 2014"]
[Site "Bergen"]
[Date "2014.06.22"]
[Round "2.9"]
[White "Straub, Peter"]
[Black "Wolf, Reinhard"]
[Result "1-0"]
[WhiteElo "2009"]
[BlackElo "1731"]
[PlyCount "83"]
[EventDate "2014.??.??"]
[WhiteTeam "SK Mering"]
[BlackTeam "SV Königsspringer 1929 Großauhei"]

1. d4 Nf6 2. Nf3 e6 3. c4 d5 4. g3 c6 5. Bg2 Bd6 6. b3 Nbd7 7. Bb2 Ne4 8. O-O
O-O 9. Nc3 f5 10. e3 Ndf6 11. Ne5 Nxc3 12. Bxc3 Ne4 13. Bb2 Bd7 14. Nxd7 Qxd7
15. c5 Be7 16. b4 Bf6 17. Qc2 Be7 18. f3 Ng5 19. Rfc1 h6 20. a4 Nf7 21. Qd3 Bf6
22. f4 Rfb8 23. b5 Nd8 24. Bf1 Kf7 25. Be2 g6 26. a5 cxb5 27. Qxb5 Qxb5 28.
Bxb5 a6 29. Be2 Nc6 30. Bc3 Bd8 31. Rcb1 Ke7 32. Rb2 Ra7 33. Be1 Bc7 34. g4 Kf7
35. gxf5 gxf5 36. Bh5+ Ke7 37. Rg2 Rf8 38. Rg7+ Kd8 39. Bf7 Ke7 40. Bxe6+ Kxe6
41. Rxc7 Ne7 42. Rb1 1-0

[Event "26.Off.Bayer.Senioren-EM 2014"]
[Site "Bergen"]
[Date "2014.06.22"]
[Round "2.10"]
[White "Selig, Rainer"]
[Black "Worschech, Roland"]
[Result "1-0"]
[WhiteElo "1966"]
[BlackElo "1730"]
[PlyCount "67"]
[EventDate "2014.??.??"]
[WhiteTeam "Spielver. Ebersbach/SA."]
[BlackTeam "SK 1907 Kulmbach"]

1. d4 g6 2. c4 Bg7 3. Nf3 d6 4. Nc3 Nd7 5. e4 e5 6. Be3 Ne7 7. Be2 O-O 8. Qd2
Nc6 9. O-O exd4 10. Nxd4 Nxd4 11. Bxd4 Ne5 12. f4 Nc6 13. Bxg7 Kxg7 14. f5 f6
15. Rad1 g5 16. c5 dxc5 17. Qe3 Qe7 18. Nd5 Qe5 19. Qxc5 Bd7 20. b4 a6 21. Nxf6
Qxc5+ 22. bxc5 Kxf6 23. Rxd7 Rf7 24. Rxf7+ Kxf7 25. Rb1 Nd8 26. e5 Nc6 27. Bc4+
Ke8 28. f6 Na5 29. Be2 Kf7 30. Re1 Nc6 31. Bc4+ Kf8 32. e6 Ke8 33. Be2 Kf8 34.
Bh5 1-0

[Event "26.Off.Bayer.Senioren-EM 2014"]
[Site "Bergen"]
[Date "2014.06.22"]
[Round "2.11"]
[White "Stolpynskyy, Mark"]
[Black "Zehfuss, Helmut"]
[Result "1-0"]
[WhiteElo "1943"]
[BlackElo "1710"]
[PlyCount "69"]
[EventDate "2014.??.??"]
[WhiteTeam "SW Nürnberg Süd e.V."]
[BlackTeam "SG Traunstein/Traunreut e.V."]

1. d4 Nf6 2. Nf3 g6 3. Bf4 d6 4. h3 Bg7 5. e3 O-O 6. Be2 c5 7. c3 cxd4 8. exd4
Qa5 9. Nbd2 Bd7 10. O-O Nc6 11. Bh2 b5 12. a3 Qb6 13. Re1 Rfe8 14. Bd3 Rac8 15.
Qb3 Na5 16. Qa2 h6 17. Bxg6 e6 18. Bd3 Bc6 19. Bxd6 Bd5 20. Bc5 Qc7 21. Qb1 a6
22. b4 Nc6 23. Ne4 Nxe4 24. Bxe4 Qd7 25. Bxd5 Qxd5 26. Qc1 e5 27. dxe5 Nxe5 28.
Nxe5 Bxe5 29. f4 Bg7 30. Re3 Re6 31. Rxe6 Qxe6 32. Qd2 Qc4 33. Qd7 Ra8 34. Bd4
Qb3 35. Qg4 1-0

[Event "26.Off.Bayer.Senioren-EM 2014"]
[Site "Bergen"]
[Date "2014.06.22"]
[Round "2.12"]
[White "Abel, Hans-Peter"]
[Black "Gerl, Hans"]
[Result "1/2-1/2"]
[WhiteElo "1715"]
[BlackElo "1917"]
[PlyCount "63"]
[EventDate "2014.??.??"]
[WhiteTeam "SC Leinfelden"]
[BlackTeam "SK Zirndorf e.V."]

1. c4 e5 2. Nc3 Nc6 3. g3 Nf6 4. Bg2 Bb4 5. Nf3 O-O 6. O-O Re8 7. d4 exd4 8.
Nxd4 Nxd4 9. Qxd4 Bxc3 10. Qxc3 Rxe2 11. Be3 d6 12. Bf3 Bg4 13. Bxe2 Bxe2 14.
Rfe1 Bh5 15. Bg5 h6 16. Bxf6 gxf6 17. Re3 Kg7 18. Rae1 Qd7 19. Kg2 Bg4 20. f3
Bh3+ 21. Kf2 Be6 22. Re4 Kg6 23. b3 c6 24. Rf4 f5 25. h3 Rg8 26. Rd1 Kh7 27.
Qd3 d5 28. cxd5 cxd5 29. g4 Qc7 30. Rxf5 Bxf5 31. Qxf5+ Kh8 32. Kg2 1/2-1/2

[Event "26.Off.Bayer.Senioren-EM 2014"]
[Site "Bergen"]
[Date "2014.06.22"]
[Round "2.13"]
[White "Reichwald, Klaus"]
[Black "Kochseder, Georg"]
[Result "1/2-1/2"]
[WhiteElo "1707"]
[BlackElo "1892"]
[PlyCount "85"]
[EventDate "2014.??.??"]
[WhiteTeam "SC Lohhof 1950 e.V."]
[BlackTeam "TV 1890 Hallstadt"]

1. e4 c5 2. Nc3 d6 3. Nge2 Nc6 4. d3 g6 5. g3 Bg7 6. Bg2 e5 7. O-O Nge7 8. Bg5
f6 9. Bd2 O-O 10. f4 Be6 11. Kh1 Qd7 12. Nd5 Bg4 13. c3 Nxd5 14. exd5 Ne7 15.
Qe1 Bh3 16. Qf2 Bxg2+ 17. Qxg2 Qb5 18. c4 Qxb2 19. Bc3 Qb6 20. Rfb1 Qc7 21. Bd2
b6 22. Nc3 Nf5 23. fxe5 fxe5 24. Ne4 Nd4 25. Be3 Qe7 26. Bg5 Qd7 27. Be3 h6 28.
Rf1 Kh7 29. Bxd4 exd4 30. Rxf8 Rxf8 31. Rf1 Rxf1+ 32. Qxf1 Qe7 33. Qf4 Be5 34.
Qg4 Qf7 35. Kg2 Kg7 36. Qf3 Qxf3+ 37. Kxf3 Kf7 38. h3 Ke7 39. g4 Bf6 40. Ke2
Be5 41. Kd2 Kd7 42. Kc2 a6 43. a4 1/2-1/2

[Event "26.Off.Bayer.Senioren-EM 2014"]
[Site "Bergen"]
[Date "2014.06.22"]
[Round "2.14"]
[White "Neubauer, Jaroslaus"]
[Black "Boldt, Heinrich"]
[Result "1-0"]
[WhiteElo "1889"]
[BlackElo "1701"]
[PlyCount "41"]
[EventDate "2014.??.??"]
[WhiteTeam "Schachklub Schweinfurt 2000 e.V."]
[BlackTeam "TSV Kareth-Lappersdorf"]

1. e4 d6 2. d4 Nf6 3. Nc3 e5 4. Nf3 exd4 5. Nxd4 g6 6. Be2 Bg7 7. Be3 O-O 8.
O-O Nbd7 9. Nb3 Re8 10. f3 b6 11. Qd2 Bb7 12. Rad1 a5 13. a4 Ne5 14. Bg5 Qd7
15. f4 Neg4 16. h3 Nh6 17. f5 Nxe4 18. Nxe4 Bxe4 19. Bxh6 Bxh6 20. Qxh6 Bxf5
21. Nd4 1-0

[Event "26.Off.Bayer.Senioren-EM 2014"]
[Site "Bergen"]
[Date "2014.06.22"]
[Round "2.15"]
[White "Simin, Vladimir"]
[Black "Schoenfelder, Heinrich"]
[Result "1-0"]
[WhiteElo "1883"]
[BlackElo "1692"]
[PlyCount "97"]
[EventDate "2014.??.??"]
[WhiteTeam "FC Ergolding 1932 e.V."]
[BlackTeam "SC Tarrasch 45 München"]

1. c4 Nf6 2. Nc3 g6 3. d4 d6 4. e4 Bg7 5. Be2 O-O 6. Nf3 Nbd7 7. O-O e5 8. d5
Nc5 9. Nd2 a5 10. b3 Ne8 11. Bb2 f5 12. f3 Nf6 13. a3 f4 14. b4 axb4 15. axb4
Rxa1 16. Qxa1 Na6 17. Ba3 c5 18. bxc5 Nxc5 19. Bxc5 dxc5 20. Qa7 Nd7 21. Na4 b6
22. Rb1 Rf6 23. Nc3 Bf8 24. Nb5 Be7 25. Rd1 Bd6 26. Nb1 Nb8 27. N1c3 Rf7 28.
Qa8 Bb7 29. Qa4 Bf8 30. Na7 Rd7 31. Rb1 Rd6 32. Qa1 Qf6 33. Bd1 Ba6 34. Bb3 Bb7
35. Ba4 Be7 36. Bb5 Kf7 37. Qa4 g5 38. Be8+ Kg7 39. Nc6 Bxc6 40. dxc6 Nxc6 41.
Bxc6 Rxc6 42. Nd5 Qd6 43. Nxe7 Qd4+ 44. Kh1 Rf6 45. Nf5+ Rxf5 46. exf5 Qd3 47.
Rd1 Qxf5 48. Qd7+ Qxd7 49. Rxd7+ 1-0

[Event "26.Off.Bayer.Senioren-EM 2014"]
[Site "Bergen"]
[Date "2014.06.22"]
[Round "2.16"]
[White "Rueckleben, Hermann"]
[Black "Janzen, Christian"]
[Result "1-0"]
[WhiteElo "1876"]
[BlackElo "1579"]
[PlyCount "61"]
[EventDate "2014.??.??"]
[WhiteTeam "SF Baden-Lichtental"]
[BlackTeam "TSV Marienfelde 1890 e.V."]

1. c4 e6 2. Nf3 d5 3. g3 c6 4. b3 Be7 5. Bb2 Bf6 6. d4 Ne7 7. Bg2 Na6 8. Qd2
Nc7 9. O-O O-O 10. Nc3 g6 11. e4 Bg7 12. Rfe1 Re8 13. Rad1 b6 14. h4 Ba6 15.
Bf1 Kh8 16. Ba3 Ng8 17. g4 f6 18. Qf4 Bb7 19. Qg3 Rc8 20. Re3 Bf8 21. Bb2 Bd6
22. e5 Bf8 23. exf6 Qxf6 24. g5 Qd8 25. Ne5 Kg7 26. h5 gxh5 27. Rf3 Bd6 28.
Rf7+ Kh8 29. g6 Nf6 30. Qf4 Ng4 31. Rxh7+ 1-0

[Event "26.Off.Bayer.Senioren-EM 2014"]
[Site "Bergen"]
[Date "2014.06.22"]
[Round "2.17"]
[White "Babichev, Vyacheslav"]
[Black "Duerr, Rainer"]
[Result "1/2-1/2"]
[WhiteElo "1689"]
[BlackElo "1861"]
[PlyCount "75"]
[EventDate "2014.??.??"]
[WhiteTeam "SW Nürnberg Süd e.V."]
[BlackTeam "SC Prien"]

1. b3 d5 2. Bb2 c5 3. e3 Nc6 4. Bb5 Bd7 5. Nf3 a6 6. Be2 e6 7. O-O Nf6 8. d3
Be7 9. Nbd2 Qc7 10. h3 O-O 11. Re1 b5 12. a3 Rac8 13. Rc1 Rfd8 14. Bf1 Be8 15.
Qe2 Qb8 16. g3 Nd7 17. e4 d4 18. Nh2 e5 19. h4 Nf8 20. Bh3 Bd7 21. Bg2 Qd6 22.
Rf1 Ne6 23. Ra1 Ra8 24. a4 Rdb8 25. axb5 axb5 26. Rfb1 Qc7 27. Ba3 Ra7 28. Qd1
Rba8 29. Bb2 Nb4 30. Rxa7 Rxa7 31. Nhf3 Bd6 32. Ne1 Ra6 33. Bh3 Nf8 34. Bxd7
Nxd7 35. Ra1 Qa7 36. Rxa6 Qxa6 37. Qa1 Qxa1 38. Bxa1 1/2-1/2

[Event "26.Off.Bayer.Senioren-EM 2014"]
[Site "Bergen"]
[Date "2014.06.22"]
[Round "2.18"]
[White "Krafzik, Joachim"]
[Black "Alefs, Willi"]
[Result "1-0"]
[WhiteElo "1819"]
[BlackElo "1533"]
[PlyCount "87"]
[EventDate "2014.??.??"]
[WhiteTeam "SC Haar 1931"]
[BlackTeam "SC Fuldatal"]

1. b4 Nf6 2. Bb2 e6 3. b5 d5 4. e3 Bd6 5. f4 Nbd7 6. Nf3 Qe7 7. Ne5 O-O 8. Be2
Ne4 9. O-O f6 10. Nxd7 Bxd7 11. c4 c6 12. a4 e5 13. f5 Bc5 14. Qb3 d4 15. d3
Nd6 16. e4 Qf7 17. Ba3 Bxa3 18. Nxa3 cxb5 19. axb5 b6 20. Qb4 Nb7 21. Nc2 g6
22. Bg4 g5 23. Qd2 Kh8 24. Qe2 Be8 25. Qd2 h5 26. Be2 Qg7 27. Nb4 Nc5 28. Ra3
g4 29. Rfa1 Rf7 30. Nd5 Rd7 31. Nxb6 Rad8 32. Nxd7 Bxd7 33. Rxa7 Nb3 34. Qb2
Nxa1 35. Rxa1 h4 36. Qd2 Bc8 37. g3 hxg3 38. hxg3 Kh7 39. Kg2 Kg8 40. Rh1 Bb7
41. Rh4 Kf7 42. Rxg4 Qh7 43. Rh4 Qxf5 44. Bf3 1-0

[Event "26.Off.Bayer.Senioren-EM 2014"]
[Site "Bergen"]
[Date "2014.06.22"]
[Round "2.19"]
[White "Schindler, Jan"]
[Black "Knollmueller, Peter"]
[Result "0-1"]
[WhiteElo "1637"]
[BlackElo "1815"]
[PlyCount "114"]
[EventDate "2014.??.??"]
[WhiteTeam "SC Anderssen Nürnberg 1929 e.V."]
[BlackTeam "SK Töging"]

1. Nf3 d5 2. d4 Nf6 3. c4 e6 4. Nc3 Be7 5. Bf4 c6 6. e3 O-O 7. Bd3 Nbd7 8. h3
dxc4 9. Bxc4 b5 10. Bd3 Bb7 11. O-O a6 12. Re1 c5 13. dxc5 Nxc5 14. Be2 Qb6 15.
Be5 Rfd8 16. Qc2 Rac8 17. Bd4 Qc6 18. Bxc5 Qxc5 19. Qb1 b4 20. Na4 Qa5 21. b3
Be4 22. Qb2 Rc2 23. Qe5 Qxe5 24. Nxe5 Rdd2 25. Bd1 Rxa2 26. Rxa2 Rxa2 27. f3
Bc2 28. Bxc2 Rxc2 29. Kf1 Nd5 30. Nc4 f5 31. e4 fxe4 32. Rxe4 Nc7 33. Rd4 Kf8
34. Rd7 Nd5 35. Ra7 Nc3 36. Nxc3 bxc3 37. Rxa6 Bh4 38. Ra1 Rf2+ 39. Kg1 c2 40.
Ne3 Re2 41. Nxc2 Rxc2 42. Rb1 Bf6 43. Kf1 Ke7 44. Rd1 Rb2 45. Rd3 Bh4 46. Rd4
Bg3 47. Rd3 Rf2+ 48. Kg1 Rb2 49. Kf1 h5 50. Rc3 h4 51. Rd3 Kf6 52. Rc3 e5 53.
Rd3 Kf5 54. Rc3 g5 55. Rd3 Rf2+ 56. Kg1 Re2 57. Kf1 Re1# 0-1

[Event "26.Off.Bayer.Senioren-EM 2014"]
[Site "Bergen"]
[Date "2014.06.22"]
[Round "2.20"]
[White "Schuster, Herbert"]
[Black "Fischer, Gerd"]
[Result "0-1"]
[WhiteElo "1615"]
[BlackElo "2008"]
[PlyCount "120"]
[EventDate "2014.??.??"]
[WhiteTeam "SK Landshut"]
[BlackTeam "FC Gunzenhausen 1910 e.V"]

1. d4 c5 2. Nf3 cxd4 3. Nxd4 d5 4. g3 e5 5. Nb3 Nc6 6. Bg2 Be6 7. Nc3 Bb4 8.
Bd2 Bxc3 9. Bxc3 d4 10. Bd2 Bd5 11. Bxd5 Qxd5 12. O-O Nf6 13. e3 O-O 14. exd4
exd4 15. c3 d3 16. Be3 Ne5 17. Nd2 Ne4 18. f4 Nxd2 19. Bxd2 Nc4 20. b3 Qc5+ 21.
Rf2 Nd6 22. Qf3 Rfe8 23. Qxd3 Ne4 24. Be3 Nxf2 25. Bxf2 Qc6 26. Bd4 Rad8 27.
Rf1 a6 28. Qf3 Re4 29. f5 f6 30. Kg2 Rde8 31. Rf2 R8e7 32. Kh3 Qe8 33. a4 Qf7
34. b4 Qd5 35. a5 Qb3 36. Qd3 Qd5 37. Qf3 Qc6 38. Qd3 h5 39. Qf3 Qe8 40. Qd3 h4
41. Qf3 hxg3 42. hxg3 Re2 43. Rxe2 Rxe2 44. Qg4 Re1 45. Bxf6 Rh1+ 46. Kg2 Qc6+
47. Kf2 Rh2+ 48. Ke3 Qxf6 49. Qc4+ Kh7 50. Ke4 Qe7+ 51. Kf3 Qd6 52. Qe4 Qd1+
53. Kf4 Rf2+ 54. Kg5 Qd2+ 55. Kg4 Qe2+ 56. Qxe2 Rxe2 57. Kg5 Re3 58. g4 Rxc3
59. f6 gxf6+ 60. Kxf6 Rc4 0-1

[Event "26.Off.Bayer.Senioren-EM 2014"]
[Site "Bergen"]
[Date "2014.06.22"]
[Round "2.22"]
[White "Malik, Heinz"]
[Black "Walther, Reinhard"]
[Result "0-1"]
[WhiteElo "1568"]
[BlackElo "1885"]
[PlyCount "132"]
[EventDate "2014.??.??"]
[WhiteTeam "SK Großweil"]
[BlackTeam "SK 1911 Herzogenaurach e.V."]

1. d4 Nf6 2. c4 g6 3. Nc3 Bg7 4. g3 c6 5. Bg2 d5 6. cxd5 cxd5 7. Nf3 Nc6 8. O-O
O-O 9. b3 Ne4 10. Bb2 f5 11. e3 Be6 12. Rc1 Qd7 13. Nd2 Rac8 14. f3 Nd6 15. f4
Ne4 16. Nf3 Bf7 17. Nxe4 fxe4 18. Ng5 Be6 19. Nxe6 Qxe6 20. g4 Qd6 21. Rf2 e6
22. g5 Rf7 23. h4 Rfc7 24. Rfc2 Ne7 25. Rxc7 Rxc7 26. Bh3 Nf5 27. Bxf5 exf5 28.
Rxc7 Qxc7 29. Qc1 Qxc1+ 30. Bxc1 Bf8 31. Kf2 Kf7 32. Ke2 Ke6 33. Kd1 Kd7 34.
Bd2 Kc6 35. Kc2 b6 36. a4 b5 37. axb5+ Kxb5 38. Kb2 a5 39. Bc3 Bb4 40. Kc2 Ba3
41. Bd2 a4 42. bxa4+ Kxa4 43. Be1 Bd6 44. Bd2 Bc7 45. Kb2 Bb6 46. Bc3 Bd8 47.
Bd2 Be7 48. Kc2 Bf8 49. Be1 h6 50. Bd2 hxg5 51. hxg5 Ba3 52. Be1 Kb5 53. Bd2
Kc4 54. Be1 Bd6 55. Bd2 Bxf4 56. exf4 Kxd4 57. Ba5 Ke3 58. Bd2+ Kf3 59. Kd1 d4
60. Ke1 e3 61. Bc1 d3 62. Ba3 Kxf4 63. Bc5 Kf3 64. Bd4 Ke4 65. Bb6 f4 66. Ba5
f3 0-1

[Event "26.Off.Bayer.Senioren-EM 2014"]
[Site "Bergen"]
[Date "2014.06.22"]
[Round "2.23"]
[White "Siegl, Wolfgang"]
[Black "Pidtoptanyy, Igor"]
[Result "0-1"]
[WhiteElo "1522"]
[BlackElo "1821"]
[PlyCount "52"]
[EventDate "2014.??.??"]
[WhiteTeam "SK 1926 Nördlingen-Ries"]
[BlackTeam "SW Nürnberg Süd e.V."]

1. g3 e5 2. Bg2 Nf6 3. d3 Bc5 4. Nf3 Nc6 5. O-O O-O 6. Nxe5 Nxe5 7. d4 Bd6 8.
dxe5 Bxe5 9. Nd2 d5 10. Nf3 Bd6 11. Bg5 c6 12. Qd3 h6 13. Bxf6 Qxf6 14. c3 Bf5
15. Qd2 Rad8 16. Nd4 Bg6 17. Rad1 Rfe8 18. e3 Bh5 19. Rde1 Bc5 20. Ne2 Bg6 21.
Nd4 Re7 22. Qe2 Rde8 23. Qf3 Qd6 24. Qd1 Qf6 25. Qf3 Bd6 26. Qxf6 gxf6 0-1

[Event "26.Off.Bayer.Senioren-EM 2014"]
[Site "Bergen"]
[Date "2014.06.22"]
[Round "2.24"]
[White "Otto, Klaus"]
[Black "Zschorsch, Peter"]
[Result "0-1"]
[WhiteElo "1499"]
[BlackElo "1788"]
[PlyCount "98"]
[EventDate "2014.??.??"]
[WhiteTeam "Thüringer Schachverein Triebes"]
[BlackTeam "Karlsruher SF 1853"]

1. e4 d6 2. d4 Nc6 3. Nf3 Bg4 4. Be3 e6 5. Be2 Nf6 6. Nc3 Be7 7. O-O O-O 8. Nd2
Bxe2 9. Qxe2 e5 10. Nb3 exd4 11. Nxd4 Nxd4 12. Bxd4 Re8 13. Rad1 Qc8 14. f3 a6
15. Qd3 b5 16. a3 Qe6 17. Rfe1 c6 18. e5 Nh5 19. exd6 Qxd6 20. Be5 Qxd3 21.
cxd3 f6 22. Bg3 Bc5+ 23. Kf1 Rxe1+ 24. Rxe1 Rd8 25. Re6 Nxg3+ 26. hxg3 Rd6 27.
Rxd6 Bxd6 28. g4 Be5 29. Nd1 Kf7 30. Ke2 Ke6 31. Ke3 c5 32. b3 g6 33. f4 Bd4+
34. Kf3 Kd5 35. Ne3+ Bxe3 36. Kxe3 c4 37. bxc4+ bxc4 38. dxc4+ Kxc4 39. Ke4 a5
40. f5 g5 41. a4 Kc5 42. Kd3 Kb4 43. Kd4 Kxa4 44. Kd5 Kb5 45. Ke6 a4 46. Kxf6
a3 47. Kxg5 a2 48. f6 a1=Q 49. f7 Qg7+ 0-1

[Event "26.Off.Bayer.Senioren-EM 2014"]
[Site "Bergen"]
[Date "2014.06.22"]
[Round "2.25"]
[White "Peiberg, Ehrhard"]
[Black "Kolkwitz, Klaus"]
[Result "1/2-1/2"]
[WhiteElo "1483"]
[BlackElo "1784"]
[PlyCount "39"]
[EventDate "2014.??.??"]
[WhiteTeam "SC Erlangen 48/88"]
[BlackTeam "ESV 1949 Eberswalde e.V."]

1. d4 Nf6 2. c4 g6 3. Nc3 d5 4. Bf4 c6 5. e3 Bg7 6. Be2 O-O 7. h3 Nbd7 8. Nf3
Re8 9. O-O e6 10. Qc2 dxc4 11. Bxc4 Nd5 12. Bg3 a5 13. a3 N7f6 14. Bd3 Nxc3 15.
Qxc3 Nd5 16. Qc2 f6 17. Rad1 Ne7 18. Be4 Nf5 19. Bh2 Bf8 20. Qb3 1/2-1/2

[Event "26.Off.Bayer.Senioren-EM 2014"]
[Site "Bergen"]
[Date "2014.06.22"]
[Round "2.26"]
[White "Huetter, Heinz"]
[Black "Reimann, Guenther"]
[Result "1/2-1/2"]
[WhiteElo "1438"]
[BlackElo "1768"]
[PlyCount "81"]
[EventDate "2014.??.??"]
[WhiteTeam "SC Eichenau"]
[BlackTeam "SC Magstadt"]

1. d4 e6 2. g3 f5 3. Nf3 Nf6 4. c3 Be7 5. Bg2 d5 6. Nbd2 Nbd7 7. O-O Bd6 8. e3
O-O 9. Qc2 c6 10. c4 Ne4 11. c5 Bc7 12. b4 e5 13. Bb2 Nxd2 14. Qxd2 e4 15. Ne1
Nf6 16. f4 Qe8 17. Nc2 Bd7 18. Rfe1 Ng4 19. h3 Nf6 20. a4 a6 21. Bf1 Nh5 22.
Kh2 Rf6 23. Be2 Rh6 24. Bxh5 Qxh5 25. Qg2 Bd8 26. Rh1 g5 27. Bc3 Rg6 28. Kg1
Kf7 29. Re1 gxf4 30. exf4 Bh4 31. Re3 Rag8 32. Be1 Qh6 33. Rh2 Qg7 34. Qe2 Bxg3
35. Bxg3 Rxg3+ 36. Rxg3 Qxg3+ 37. Rg2 Qxh3 38. Rxg8 Kxg8 39. Qg2+ Qxg2+ 40.
Kxg2 Kf7 41. Kg3 1/2-1/2

[Event "26.Off.Bayer.Senioren-EM 2014"]
[Site "Bergen"]
[Date "2014.06.22"]
[Round "2.27"]
[White "Ewald, Frithjof"]
[Black "Perzl, Michael"]
[Result "0-1"]
[WhiteElo "1355"]
[BlackElo "1754"]
[PlyCount "60"]
[EventDate "2014.??.??"]
[WhiteTeam "SF Bad Reichenhall"]
[BlackTeam "TSV Trostberg"]

1. e4 c5 2. Nf3 d6 3. Bc4 Nf6 4. Nc3 a6 5. a3 b5 6. Ba2 Nbd7 7. d3 Bb7 8. O-O
e6 9. Re1 Qc7 10. h3 Be7 11. Bd2 O-O 12. Qe2 Rfe8 13. b4 Rac8 14. Rac1 Qb8 15.
Bg5 cxb4 16. Nd1 bxa3 17. Bd2 Nb6 18. Ba5 Na8 19. Nc3 d5 20. e5 Nd7 21. d4 Nab6
22. Nd2 Qa8 23. f3 Bc6 24. Rb1 Nc4 25. Nxc4 dxc4 26. Ne4 Qa7 27. c3 Nb6 28. Nd6
Bxd6 29. exd6 Nd5 30. Qe5 f6 0-1

[Event "26.Off.Bayer.Senioren-EM 2014"]
[Site "Bergen"]
[Date "2014.06.22"]
[Round "2.28"]
[White "Appel, Juergen"]
[Black "Oser, Thor"]
[Result "1-0"]
[WhiteElo "1650"]
[BlackElo "1622"]
[PlyCount "99"]
[EventDate "2014.??.??"]
[WhiteTeam "Zwickauer Schachclub"]
[BlackTeam "SK 1929 Jöhlingen"]

1. d4 d5 2. Nf3 e6 3. e3 Nf6 4. c4 c6 5. Nc3 Bd6 6. Bd3 h6 7. O-O O-O 8. e4
dxe4 9. Nxe4 Nxe4 10. Bxe4 Nd7 11. Bc2 Re8 12. Qd3 Nf8 13. Be3 b6 14. Rad1 Bb7
15. Qe2 Qc7 16. Rfe1 Rad8 17. a3 c5 18. dxc5 bxc5 19. h3 Be7 20. Bd2 Bf6 21. b3
Re7 22. Be4 Red7 23. Bxb7 Qxb7 24. b4 Qc6 25. b5 Qc7 26. Be3 Ng6 27. Rxd7 Rxd7
28. Rd1 Rxd1+ 29. Qxd1 Nh4 30. Nxh4 Bxh4 31. Qg4 Qe7 32. Bxh6 f5 33. Qg6 Bf6
34. Be3 Bd4 35. Bg5 Qd7 36. Qh5 e5 37. Qg6 e4 38. Qc6 Qf7 39. Qd5 Qxd5 40. cxd5
Kf7 41. a4 c4 42. Kf1 c3 43. Ke2 Ke8 44. Be3 Bxe3 45. fxe3 Kd7 46. a5 Kd6 47.
b6 a6 48. g3 g6 49. h4 Kd7 50. Kd1 1-0